Chronic pain : psychosocial factors in rehabilitation /

Bibliographic Details
Other Authors: Roy, R. (Ranjan), Tunks, Eldon
Format: Book
Language:English
Published: Baltimore : Williams & Wilkins, [1982]
Series:Rehabilitation medicine library.
Subjects:

MARC

Tag First Indicator Second Indicator Subfields
LEADER 00000cam a2200000 a 4500
001 in00000097525
005 20150924085207.0
008 810810s1982 mdu b 00100 eng
010 |a  81013101  
020 |a 068307394X 
035 |a (OCoLC)07739896 
035 |9 AAK9147AM 
039 0 |a 2  |b 3  |c 3  |d 3  |e 3 
040 |a DLC  |c DLC  |d OCL  |d TXA  |d UtOrBLW 
049 |a TXAM  |c [933692] 
050 0 0 |a RB127  |b  C5 
060 0 |a WL 704 C5585 
082 0 |a 616/.0472  |2 19 
245 0 0 |a Chronic pain :  |b psychosocial factors in rehabilitation /  |c  edited by R. Roy, E. Tunks. 
264 1 |a Baltimore :  |b Williams & Wilkins,  |c [1982] 
264 4 |c ©1982 
300 |a xii, 226 pages ;  |c 24 cm. 
336 |a text  |b txt  |2 rdacontent 
337 |a unmediated  |b n  |2 rdamedia 
338 |a volume  |b nc  |2 rdacarrier 
490 1 |a Rehabilitation medicine library 
504 |a Includes bibliographies and index. 
650 0 |a Pain  |x Treatment. 
650 0 |a Psychotherapy. 
650 0 |a Pain  |x Psychological aspects. 
650 0 |a Pain  |x Social aspects. 
650 0 |a Chronically ill  |x Rehabilitation. 
650 2 |a Pain, Intractable  |x psychology. 
650 2 |a Pain, Intractable  |x rehabilitation. 
700 1 |a Roy, R.  |q (Ranjan) 
700 1 |a Tunks, Eldon. 
830 0 |a Rehabilitation medicine library. 
999 |a MARS 
999 f f |s 818b6d0c-caee-3a66-ad4d-384cf7a174f7  |i 3c535527-24d0-3e1e-b628-d429b1c2e2cd  |t 0 
952 f f |p ric  |a Texas A&M University  |b Rellis Campus  |c Joint Library Facility  |d Remote Storage  |t 0  |e RB127 C5  |h Library of Congress classification  |i unmediated -- volume  |m A14806040225 
998 f f |a RB127 C5  |t 0  |l Remote Storage